Autorzy wymienionych książek #2 - trudniejszy quiz - Statystyki

Ogólne statystyki
  • Ten quiz został rozwiązany 252 razy
  • Średni wynik to 10 z 26
Statystyki odpowiedzi
Tytuł Autor % Poprawnych
Rozważna i romantyczna, Duma i uprzedzenie Jane Austen
66%
Dwanaście prac Herkulesa, I nie było już nikogo Agatha Christie
63%
Zaproszenie na egzekucję, Lolita Vladimir Nabokov
62%
Wyspa, Nowy wspaniały świat Aldous Huxley
60%
Miłość w czasach zarazy, Sto lat samotności Gabriel Garcia Marquez
60%
Weronika postanawia umrzeć, Alchemik Paulo Coelho
57%
Dzieci kapitana Granta, Wyprawa do wnętrza ziemi Jules Verne
53%
Idź, postaw wartownika; Zabić drozda Nelle Harper Lee
51%
Upiór rodu Canterville'ów, Portret Doriana Greya Oscar Wilde
46%
Marina, Cień wiatru Carols Ruiz Zafon
45%
Myszy i ludzie, Grona gniewu John Steinbeck
43%
Bóg wie, Paragraf 22 Joseph Heller
39%
Żart, Nieznośna lekkość bytu Milan Kundera
39%
Samson walczący, Raj utracony John Milton
34%
Łuk triumfalny, Na Zachodzie bez zmian Erich Maria Remarque
33%
Antychryst, Tako rzecze Zaratustra Fryderyk Nietzsche
32%
Kafka nad morzem, Norwegian Wood Haruki Murakami
30%
Wieża, Władca much William Golding
28%
Szatańskie wersety, Dzieci północy Salman Rushdie
23%
Człowiek z wysokiego zamku, Ubik Philip K. Dick
19%
Wściekłość i wrzask, Absalomie, Absalomie William Faulkner
19%
Źródło, Atlas zbuntowany Ayn Rand
15%
Bez skrupułów, Polowanie na Czerwony Październik Tom Clancy
14%
Baltazar i Blimunda, Miasto Ślepców Jose Saramago
12%
Ciotka Julia i skryba, Szelmostwa niegrzecznej dziewczynki Mario Vargas Llosa
10%
Terror, Hyperion Dan Simmons
9%
Nie znaleziono quizów pasujących do podanych kryteriów
Rozkład punktacji
Procent ludzi z każdym wynikiem
Percentyl według liczby udzielonych odpowiedzi
Twoja historia wyników
Nie rozwiązałeś tego quizu